| 000 | 01439cam a22002893a 4500 | ||
|---|---|---|---|
| 001 | 13709 | ||
| 003 | PGUSA | ||
| 005 | 20140828083308.0 | ||
| 008 | 041011s2004||||xxu|||||s|||||000 1 eng d | ||
| 040 |
_aPGUSA _beng |
||
| 042 | _adc | ||
| 050 | 4 | _aPS | |
| 100 | 1 |
_aLewis, Alfred Henry, _d1857-1914 |
|
| 245 | 1 | 0 |
_aWolfville Nights _h[electronic resource] / _cAlfred Henry Lewis |
| 260 |
_bProject Gutenberg, _c2004 |
||
| 505 | 0 | _aSome cowboy facts -- The dimissal of Silver Phil -- Colonel Sterett's panther hunt -- How Faro Nell dealt bank -- How the Raven died -- The queerness of Dave Tutt -- With the Apache's compliments -- The mills of savage gods -- Tom and Jerry, wheelers -- The influence of Faro Nell -- The ghost of the Bar-B-8 -- Tucson Jennie's correction -- Bill Connors of the Osages -- When Tutt first saw Tucson -- The troubles of Dan Boggs -- Bowlegs and Major Ben -- Toad Allen's elopement -- The clients of Aaron Green -- Colonel Sterett's marvels -- The luck of Hardrobe -- Long ago on the Rio Grande -- Colonel Coyote Clubbs. | |
| 506 | _aPublic domain in the USA. | ||
| 516 | _aElectronic text | ||
| 653 | _aRanch life -- Fiction | ||
| 653 | _aArizona -- Social life and customs -- Fiction | ||
| 653 | _aHumorous stories, American | ||
| 653 | _aCowboys -- Fiction | ||
| 653 | _aWestern stories | ||
| 830 | 0 |
_aProject Gutenberg _v13709 |
|
| 856 | 4 | 0 | _uhttp://www.gutenberg.org/ebooks/13709 |
| 942 | _cEB | ||
| 999 |
_c242964 _d242964 |
||